000 00416nab a2200145Ia 4500
003 ES-SlBCS
005 20210601134617.0
008 140529s1996 xxu||||| |||| 00| 0 spa d
041 _aspa
100 1 _aVargas Guillén, Germán
_969686
245 0 0 _aVerdad y experiencia
_c Germán Vargas Guillén
650 0 4 _aVerdad
_985938
773 0 _tAnthropos
_gvol. 17, nº. 32-33, 1996, págs. 153-171
_wRev38
942 _cAR
999 _c615251
_d615251